Влияние токовой нейтрализации и геометрии обратного токопровода на трансформацию низкоэнергетического сильноточного пучка в плазменном канале; Известия Томского политехнического университета [Известия ТПУ]; Т. 320, № 2 : Математика и механика. Физика

Bibliographische Detailangaben
Parent link:Известия Томского политехнического университета [Известия ТПУ]/ Томский политехнический университет (ТПУ).— , 2000-
Т. 320, № 2 : Математика и механика. Физика.— 2012.— [С. 43-47]
1. Verfasser: Коваль Т. В. Тамара Васильевна
Weitere Verfasser: Ле Ху Зунг
Zusammenfassung:Заглавие с титульного листа
Электронная версия печатной публикации
Теоретически исследовано влияние параметров системы и пучка на трансформацию поперечного сечения пучка в аксиальнонеоднородном магнитном поле обратного токопровода. Показано, что трансформация сечения слаборелятивистского электронного пучка, компенсированного по заряду, зависит от геометрии токопровода, уровня токовой нейтрализации и начального распределения плотности электронов.
Sprache:Russisch
Veröffentlicht: 2012
Schriftenreihe:Математика и механика. Физика
Schlagworte:
Online-Zugang:http://earchive.tpu.ru/bitstream/11683/4121/1/bulletin_tpu-2012-320-2-11.pdf
Format: MixedMaterials Elektronisch Buchkapitel
KOHA link:https://koha.lib.tpu.ru/cgi-bin/koha/opac-detail.pl?biblionumber=213819

MARC

LEADER 00000nla2a2200000 4500
001 213819
005 20231031193413.0
035 |a (RuTPU)RU\TPU\book\233653 
035 |a RU\TPU\book\233638 
090 |a 213819 
100 |a 20120418d2012 k y0rusy50 ca 
101 0 |a rus 
102 |a RU 
135 |a drnn ---uucaa 
181 0 |a i  
182 0 |a b 
200 1 |a Влияние токовой нейтрализации и геометрии обратного токопровода на трансформацию низкоэнергетического сильноточного пучка в плазменном канале  |b Электронный ресурс  |f Т. В. Коваль, Ле Ху Зунг 
203 |a Текст  |c электронный 
215 |a 1 файл (3.1 Мб) 
225 1 |a Математика и механика. Физика 
230 |a Электронные текстовые данные (1 файл : 3.1 Мб) 
300 |a Заглавие с титульного листа 
300 |a Электронная версия печатной публикации 
320 |a [Библиогр.: с. 47 (7 назв.)] 
330 |a Теоретически исследовано влияние параметров системы и пучка на трансформацию поперечного сечения пучка в аксиальнонеоднородном магнитном поле обратного токопровода. Показано, что трансформация сечения слаборелятивистского электронного пучка, компенсированного по заряду, зависит от геометрии токопровода, уровня токовой нейтрализации и начального распределения плотности электронов. 
337 |a Adobe Reader 
461 1 |0 (RuTPU)RU\TPU\book\176237  |t Известия Томского политехнического университета [Известия ТПУ]  |f Томский политехнический университет (ТПУ)  |d 2000- 
463 1 |0 (RuTPU)RU\TPU\book\233487  |x 1684-8519  |t Т. 320, № 2 : Математика и механика. Физика  |v [С. 43-47]  |d 2012  |p 161 с. 
610 1 |a электронные пучки 
610 1 |a плазма 
610 1 |a каналы транспортировки 
610 1 |a трансформация 
610 1 |a магнитное поле 
610 1 |a труды учёных ТПУ 
610 1 |a электронный ресурс 
700 1 |a Коваль  |b Т. В.  |c математик, физик  |c профессор Томского политехнического университета, доктор физико-математических наук  |f 1953-  |g Тамара Васильевна  |2 stltpush  |3 (RuTPU)RU\TPU\pers\25463 
701 0 |a Ле Ху Зунг  |c вьетнамский ученый, специалист в области прикладной математики  |c аспирант Томского политехнического университета  |f 1984-  |2 stltpush  |3 (RuTPU)RU\TPU\pers\27847 
801 1 |a RU  |b 63413507  |c 20090623  |g PSBO 
801 2 |a RU  |b 63413507  |c 20211229  |g PSBO 
856 4 |u http://earchive.tpu.ru/bitstream/11683/4121/1/bulletin_tpu-2012-320-2-11.pdf 
942 |c CF